[Event "Scarborough CC Winter Swiss"]
[Site "Toronto"]
[Date "2018.03.22"]
[Round "5.3"]
[White "Ning, Eric"]
[Black "Manalo, Pepin"]
[Result "0-1"]
[WhiteElo "2094"]
[BlackElo "1876"]
[PlyCount "74"]
[EventDate "2018.02.22"]
[EventType "swiss"]
[EventRounds "6"]
[EventCountry "CAN"]
[SourceTitle "EXT 2022"]
[Source "ChessBase"]
[SourceDate "2021.10.06"]
[SourceVersion "1"]
[SourceVersionDate "2021.10.06"]
[SourceQuality "1"]

1. d4 Nf6 2. c4 e6 3. Nf3 Bb4+ 4. Nbd2 0-0 5. a3 Be7 6. e4 d5 7. Bd3 dxe4 8. Nxe4 Nxe4 9. Bxe4 f5 10. Bc2 Bf6 11. Ne5 c5 12. Be3 Qa5+ 13. b4 cxb4 14. 0-0 bxa3 15. Qd3 Qc7 16. Bf4 Qd8 17. Rxa3 Na6 18. Bb3 Nb4 19. Qc3 a5 20. Rd1 Qe7 21. Raa1 b6 22. d5 g5 23. d6 Qg7 24. Qd2 gxf4 25. d7 Bb7 26. f3 Rad8 27. Qd6 Bxe5 28. Qxe6+ Kh8 29. Rac1 Bxf3 30. Rd2 Bd4+ 31. Kh1 Bc6 32. Rcd1 f3 33. h4 fxg2+ 34. Kh2 g1Q+ 35. Rxg1 Qxg1+ 36. Kh3 Qg4+ 37. Kh2 Bg1# 0-1

[Event "Scarborough CC Falling Leaves"]
[Site "Toronto"]
[Date "2017.11.16"]
[Round "3.8"]
[White "Zhao, Yanchun"]
[Black "Manalo, Pepin"]
[Result "0-1"]
[WhiteElo "2206"]
[BlackElo "1870"]
[PlyCount "94"]
[EventDate "2017.11.02"]
[EventType "swiss"]
[EventRounds "7"]
[EventCountry "CAN"]
[SourceTitle "EXT 2022"]
[Source "ChessBase"]
[SourceDate "2021.10.06"]
[SourceVersion "1"]
[SourceVersionDate "2021.10.06"]
[SourceQuality "1"]

1. d4 Nf6 2. Nf3 d5 3. e3 b6 4. Bd3 Bb7 5. Nbd2 Ne4 6. 0-0 e6 7. Ne5 Bd6 8. f4 Bxe5 9. fxe5 Qg5 10. Qf3 Qg6 11. Qf4 0-0 12. Nf3 c5 13. c3 Nd7 14. a4 f5 15. exf6 Ndxf6 16. Ne5 Qh5 17. Qf3 Qh6 18. Qe2 c4 19. Bc2 Qg5 20. Bd1 Rad8 21. Bd2 Nxd2 22. Qxd2 Ne4 23. Rxf8+ Rxf8 24. Qe1 Rf2 25. Bf3 Rxb2 26. Bxe4 dxe4 27. g3 Qh6 28. h4 Bd5 29. a5 b5 30. a6 g5 31. Qf1 Qf8 32. Qxf8+ Kxf8 33. Rf1+ Ke8 34. Rf7 b4 35. cxb4 c3 36. Rxh7 c2 37. Rh8+ Ke7 38. Rh7+ Kf8 39. Nd7+ Ke8 40. Nf6+ Kd8 41. Rh8+ Kc7 42. Nxd5+ exd5 43. Rh7+ Kb6 44. Rb7+ Kxa6 45. Rc7 gxh4 46. gxh4 Rb1+ 47. Kg2 c1Q 0-1

[Event "Scarborough CC Howard Ridout"]
[Site "Toronto"]
[Date "2017.10.12"]
[Round "5.10"]
[White "Manalo, Pepin"]
[Black "Zhao, Yanchun"]
[Result "1/2-1/2"]
[WhiteElo "1851"]
[BlackElo "1827"]
[PlyCount "104"]
[EventDate "2017.09.14"]
[EventType "swiss"]
[EventRounds "7"]
[EventCountry "CAN"]
[SourceTitle "EXT 2022"]
[Source "ChessBase"]
[SourceDate "2021.10.06"]
[SourceVersion "1"]
[SourceVersionDate "2021.10.06"]
[SourceQuality "1"]

1. d4 Nf6 2. Nf3 e6 3. e3 b6 4. Bd3 Bb7 5. Nbd2 d5 6. b3 c5 7. Bb2 Be7 8. 0-0 0-0 9. Ne5 Nc6 10. f4 Qc7 11. a3 Ne4 12. Nxe4 Nxe5 13. Nf6+ Bxf6 14. fxe5 Bg5 15. Rf3 c4 16. Be2 f6 17. Rg3 Bh6 18. Bg4 Rae8 19. a4 g6 20. Ba3 Rf7 21. Bd6 Qc6 22. b4 Bf8 23. b5 Qd7 24. Bxf8 Rexf8 25. exf6 Rxf6 26. Rf3 Rxf3 27. Bxf3 Qf7 28. Qe2 Qf6 29. a5 Qd8 30. axb6 Qxb6 31. Bg4 Bc8 32. h3 Bd7 33. Ra6 Qxb5 34. Rxa7 Qb1+ 35. Qd1 Qxd1+ 36. Bxd1 Rf7 37. Bg4 Kf8 38. c3 Ke7 39. Kh2 Rf1 40. Kg3 Rc1 41. Ra3 Rc2 42. Bf3 Kf6 43. h4 Be8 44. Kf4 Bf7 45. g4 h6 46. g5+ Kg7 47. Bd1 Rh2 48. Kg3 Rh1 49. Ra1 Re1 50. Kf2 Rh1 51. Kg3 Re1 52. Kf2 Rh1 1/2-1/2

[Event "Toronto Reserves"]
[Site "Toronto"]
[Date "2013.04.29"]
[Round "3"]
[White "Manalo, Pepin"]
[Black "Nasir, Zehn"]
[Result "1/2-1/2"]
[WhiteElo "1841"]
[BlackElo "2113"]
[PlyCount "72"]
[EventDate "2013.04.15"]
[EventType "tourn"]
[EventRounds "7"]
[EventCountry "CAN"]
[SourceTitle "EXT 2022"]
[Source "ChessBase"]
[SourceDate "2021.10.06"]
[SourceVersion "1"]
[SourceVersionDate "2021.10.06"]
[SourceQuality "1"]

1. e4 c6 2. d4 d5 3. e5 Bf5 4. f4 e6 5. Nf3 c5 6. Bd3 Nh6 7. c3 Nc6 8. 0-0 cxd4 9. Bxf5 Nxf5 10. cxd4 Qb6 11. Nc3 Ncxd4 12. Kh1 Nxf3 13. Rxf3 Be7 14. Na4 Qc6 15. Rc3 Qd7 16. Nc5 Bxc5 17. Rxc5 0-0 18. a4 Rac8 19. b4 b6 20. Rxc8 Rxc8 21. b5 d4 22. Ra3 d3 23. Bd2 Qd5 24. Qf1 Rd8 25. Rc3 h6 26. Rc7 Qe4 27. Kg1 Qxa4 28. g4 Nd4 29. Qxd3 Qd1+ 30. Kf2 Nc6 31. Rd7 Rxd7 32. Qxd7 Na5 33. Qd8+ Kh7 34. Qd3+ g6 35. Qd7 Kg8 36. Qd8+ Kh7 1/2-1/2

[Event "Scarborough CC-ch"]
[Site "Toronto"]
[Date "2012.05.17"]
[Round "8"]
[White "Manalo, Pepin"]
[Black "Lin, Tony"]
[Result "0-1"]
[WhiteElo "1857"]
[BlackElo "2042"]
[PlyCount "90"]
[EventDate "2012.03.22"]
[EventType "tourn"]
[EventRounds "9"]
[EventCountry "CAN"]
[SourceTitle "EXT 2022"]
[Source "ChessBase"]
[SourceDate "2021.10.06"]
[SourceVersion "1"]
[SourceVersionDate "2021.10.06"]
[SourceQuality "1"]

1. d4 e6 2. Nf3 f5 3. g3 Nf6 4. Bg2 Be7 5. c4 0-0 6. Nc3 d6 7. Qc2 c6 8. 0-0 d5 9. c5 b6 10. cxb6 axb6 11. Bf4 Bd6 12. Bxd6 Qxd6 13. Na4 Nfd7 14. b3 Na6 15. Rfc1 c5 16. e3 Bb7 17. Qe2 Rfc8 18. Nb2 Nb4 19. a3 Nc6 20. a4 Ba6 21. Qd1 Na5 22. Nd3 c4 23. bxc4 Bxc4 24. Rcb1 Nf6 25. Nf4 Ne4 26. Rb2 Ba6 27. Ne5 Nc4 28. Nxc4 Bxc4 29. Qe1 Ra6 30. f3 Nf6 31. Rab1 Rca8 32. Qd2 Nd7 33. Nd3 Bxd3 34. Qxd3 Rxa4 35. Rc1 Ra1 36. Rbc2 Kf7 37. g4 Qa3 38. Qxa3 R8xa3 39. Kf2 Rxc1 40. Rxc1 Rb3 41. gxf5 exf5 42. f4 Nf6 43. Rc7+ Kg6 44. h3 Rb2+ 45. Kf3 Ne4 0-1

[Event "Scarborough CC Jack Frost"]
[Site "Toronto"]
[Date "2012.01.12"]
[Round "2"]
[White "Manalo, Pepin"]
[Black "Morra, Lui"]
[Result "1-0"]
[WhiteElo "1879"]
[BlackElo "1709"]
[PlyCount "85"]
[EventDate "2012.01.05"]
[EventType "swiss"]
[EventRounds "6"]
[EventCountry "CAN"]
[SourceTitle "EXT 2022"]
[Source "ChessBase"]
[SourceDate "2021.10.06"]
[SourceVersion "1"]
[SourceVersionDate "2021.10.06"]
[SourceQuality "1"]

1. e4 c5 2. f4 e6 3. Nf3 Nc6 4. c3 d5 5. e5 d4 6. d3 Nge7 7. Nbd2 Ng6 8. Ne4 Be7 9. g3 0-0 10. h4 Qc7 11. h5 Nh8 12. Bh3 h6 13. Qe2 f6 14. exf6 Bxf6 15. c4 Be7 16. Bd2 e5 17. 0-0-0 exf4 18. Bxf4 Qa5 19. Kb1 a6 20. Bd2 Qa4 21. b3 Qa3 22. g4 b5 23. Ne1 Nb4 24. Bc1 Qa5 25. a3 Nc6 26. Nc2 bxc4 27. dxc4 Qb6 28. Rd3 Ne5 29. g5 Nxd3 30. Qxd3 Rb8 31. Ka2 Bb7 32. Re1 hxg5 33. Qg3 Rfd8 34. Nxg5 Bxg5 35. Bxg5 Re8 36. h6 Nf7 37. Bf4 Nxh6 38. Bxb8 Be4 39. Bf4 d3 40. Rg1 Qf6 41. Ne3 Qc3 42. Nd1 Qd4 43. Bxh6 1-0

[Event "Canadian op 48th"]
[Site "Toronto"]
[Date "2011.07.15"]
[Round "7"]
[White "Willis, Bradley"]
[Black "Manalo, Pepin"]
[Result "1-0"]
[WhiteElo "2094"]
[BlackElo "1769"]
[PlyCount "165"]
[EventDate "2011.07.09"]
[EventType "swiss"]
[EventRounds "9"]
[EventCountry "CAN"]
[SourceTitle "EXT 2022"]
[Source "ChessBase"]
[SourceDate "2021.10.06"]
[SourceVersion "1"]
[SourceVersionDate "2021.10.06"]
[SourceQuality "1"]

1. e4 c5 2. Nc3 Nc6 3. Bb5 Qc7 4. d3 e6 5. f4 a6 6. Bc4 b5 7. Bb3 Nd4 8. Nf3 Nxb3 9. axb3 Bb7 10. 0-0 Ne7 11. Qe1 g6 12. Nh4 f5 13. Bd2 Bg7 14. Qe2 0-0 15. Rae1 Rae8 16. Nf3 b4 17. Nd1 fxe4 18. dxe4 Nc6 19. c3 a5 20. Qd3 d6 21. Ng5 h6 22. Nf3 Kh7 23. Nh4 Ne7 24. f5 exf5 25. exf5 gxf5 26. Nxf5 Ng6 27. Rxe8 Rxe8 28. Qxd6 Qc8 29. Nxg7 Qg4 30. Qg3 Qxg3 31. hxg3 Kxg7 32. Ne3 Ne7 33. Nc4 Ba6 34. Bxh6+ Kg8 35. cxb4 cxb4 36. Ra1 Bxc4 37. bxc4 Nc6 38. Kf2 b3 39. Bd2 Ra8 40. Ra4 Kf7 41. Ke3 Rd8 42. Bc3 Ke6 43. Ra3 Rg8 44. Bxa5 Rxg3+ 45. Kf2 Rd3 46. Bc3 Ne5 47. Rxb3 Nxc4 48. Rb4 Kd5 49. Rb8 Nd6 50. Be1 Ke4 51. Rb4+ Kf5 52. Ke2 Rd5 53. g4+ Ke6 54. Bg3 Nb5 55. Ke3 Kd7 56. Ke4 Rg5 57. Bf4 Nd6+ 58. Bxd6 Kxd6 59. Kf4 Rc5 60. Rd4+ Ke6 61. Rd2 Rb5 62. Rg2 Kf6 63. g5+ Kg6 64. Ke4 Rb4+ 65. Kd3 Rf4 66. Kc3 Rf3+ 67. Kb4 Rf4+ 68. Ka3 Rf3+ 69. b3 Re3 70. Ka4 Re1 71. b4 Ra1+ 72. Kb5 Rb1 73. Ka5 Ra1+ 74. Kb6 Rb1 75. b5 Rc1 76. Kb7 Rb1 77. b6 Rb3 78. Kc7 Rc3+ 79. Kb8 Rb3 80. b7 Rb1 81. Ra2 Re1 82. Ka7 Re7 83. Ka8 1-0

[Event "Canadian op 48th"]
[Site "Toronto"]
[Date "2011.07.11"]
[Round "3"]
[White "Xu, Haizhou"]
[Black "Manalo, Pepin"]
[Result "1-0"]
[WhiteElo "2151"]
[BlackElo "1794"]
[PlyCount "105"]
[EventDate "2011.07.09"]
[EventType "swiss"]
[EventRounds "9"]
[EventCountry "CAN"]
[SourceTitle "EXT 2022"]
[Source "ChessBase"]
[SourceDate "2021.10.06"]
[SourceVersion "1"]
[SourceVersionDate "2021.10.06"]
[SourceQuality "1"]

1. e4 g6 2. d4 Bg7 3. c4 d6 4. Nc3 Nd7 5. Nf3 Ngf6 6. g3 c5 7. Bg2 cxd4 8. Nxd4 0-0 9. 0-0 a6 10. h3 Qc7 11. Qe2 Ne5 12. b3 Rb8 13. Bg5 e6 14. Rac1 Bd7 15. Rfd1 h6 16. Be3 Kh7 17. Qd2 Rbd8 18. f4 Nc6 19. Qf2 Nxd4 20. Bxd4 Rde8 21. Bb6 Qc8 22. Rxd6 Bc6 23. e5 Nd7 24. Bxc6 bxc6 25. Rcd1 Nxb6 26. Qxb6 c5 27. Qxa6 Qxa6 28. Rxa6 g5 29. Rd7 gxf4 30. gxf4 Kg6 31. Raa7 h5 32. Kg2 Bh6 33. Ne2 f6 34. Re7 fxe5 35. fxe5 h4 36. Rxe8 Rxe8 37. Rc7 Be3 38. Kf3 Bg5 39. Nf4+ Kf5 40. Nd3 Ra8 41. a4 Rb8 42. Nxc5 Rg8 43. Nd3 Rd8 44. Ke2 Ke4 45. Nf2+ Kxe5 46. Rc5+ Kf4 47. Nd3+ Rxd3 48. Kxd3 e5 49. a5 e4+ 50. Ke2 Be7 51. Rc6 Kg3 52. a6 Kxh3 53. a7 1-0

[Event "Scarborough CC Spring Into Summer U2000"]
[Site "Toronto"]
[Date "2011.05.19"]
[Round "3"]
[White "Ugodnikov, Arkadiy"]
[Black "Manalo, Pepin"]
[Result "0-1"]
[WhiteElo "1842"]
[BlackElo "1744"]
[PlyCount "144"]
[EventDate "2011.04.28"]
[EventType "swiss"]
[EventRounds "9"]
[EventCountry "CAN"]
[SourceTitle "EXT 2022"]
[Source "ChessBase"]
[SourceDate "2021.10.06"]
[SourceVersion "1"]
[SourceVersionDate "2021.10.06"]
[SourceQuality "1"]

1. e4 g6 2. d4 Bg7 3. Nf3 d6 4. Be2 Nf6 5. Nc3 Nbd7 6. 0-0 0-0 7. h3 c5 8. Be3 cxd4 9. Nxd4 a6 10. Qd2 Re8 11. Bh6 Bh8 12. Kh1 Nc5 13. Bf3 Qb6 14. Nb3 Nxb3 15. axb3 Be6 16. Be3 Qc7 17. Rfe1 Rac8 18. Bf4 Nd7 19. Re3 Ne5 20. Bd1 Qb8 21. Nd5 Nc6 22. c3 Qa7 23. Rg3 Bg7 24. Be3 Qb8 25. f4 f5 26. Bc2 Kf7 27. exf5 Bxf5 28. Bxf5 gxf5 29. Qe2 Kg8 30. Qh5 Kh8 31. Qg5 Rg8 32. Re1 Rcf8 33. Qh5 e6 34. Nb6 Qe8 35. Qe2 e5 36. Nd5 Qf7 37. c4 e4 38. Qd2 Rd8 39. Bb6 Rd7 40. b4 Ne7 41. Nxe7 Qxe7 42. Ra3 Qf6 43. Rb3 Rc8 44. Qd5 Qh4 45. Rf1 Qf6 46. b5 Qf7 47. Qxf7 Rxf7 48. bxa6 bxa6 49. Rb4 Rb7 50. Ba5 Rxb4 51. Bxb4 Rxc4 52. Bxd6 Bxb2 53. Be5+ Bxe5 54. fxe5 e3 55. Kg1 Re4 56. Re1 Rxe5 57. g3 Kg7 58. Kf1 h5 59. h4 Kf6 60. Ke2 a5 61. Rb1 Re6 62. Rb5 a4 63. Ra5 Re4 64. Ra6+ Ke5 65. Ra5+ Ke6 66. Ra6+ Kd7 67. Ra5 Ke6 68. Ra6+ Kd5 69. Ra5+ Kd6 70. Rxf5 Re5 71. Rf4 Ra5 72. Kxe3 a3 0-1

[Event "Scarborough CC Spring Into Summer U2000"]
[Site "Toronto"]
[Date "2011.05.12"]
[Round "2"]
[White "Manalo, Pepin"]
[Black "Gillis, Doug"]
[Result "1-0"]
[WhiteElo "1744"]
[BlackElo "1668"]
[PlyCount "67"]
[EventDate "2011.04.28"]
[EventType "swiss"]
[EventRounds "9"]
[EventCountry "CAN"]
[SourceTitle "EXT 2022"]
[Source "ChessBase"]
[SourceDate "2021.10.06"]
[SourceVersion "1"]
[SourceVersionDate "2021.10.06"]
[SourceQuality "1"]

1. e4 e6 2. d3 d5 3. Nd2 c5 4. g3 Nc6 5. Bg2 Nf6 6. Ngf3 Be7 7. 0-0 b6 8. Re1 Bb7 9. e5 Nd7 10. Nf1 Qc7 11. Qe2 0-0 12. h4 Rae8 13. Bf4 d4 14. N1d2 Nb4 15. Nc4 Nd5 16. Bg5 f6 17. exf6 Bxf6 18. Bh3 e5 19. Ncd2 Nb4 20. Ne4 Bxe4 21. dxe4 Qd6 22. a3 Nc6 23. Rad1 Bxg5 24. Nxg5 Nf6 25. Qc4+ Kh8 26. Nf7+ Rxf7 27. Qxf7 Rf8 28. Qc4 Ne8 29. Re2 Qf6 30. Rf1 Nd6 31. Qd5 Ne7 32. Qa2 Qf3 33. Rfe1 Nxe4 34. Bg2 1-0

[Event "Scarborough CC-ch Reserves"]
[Site "Toronto"]
[Date "2011.03.17"]
[Round "4"]
[White "Pedersen, Rune Linnebo"]
[Black "Manalo, Pepin"]
[Result "1-0"]
[WhiteElo "2303"]
[BlackElo "1762"]
[PlyCount "35"]
[EventDate "2011.02.24"]
[EventType "swiss"]
[EventRounds "9"]
[EventCountry "CAN"]
[SourceTitle "EXT 2022"]
[Source "ChessBase"]
[SourceDate "2021.10.06"]
[SourceVersion "1"]
[SourceVersionDate "2021.10.06"]
[SourceQuality "1"]

1. d4 Nf6 2. Nf3 d5 3. c4 c6 4. Nc3 g6 5. g3 Bg7 6. Bg2 dxc4 7. 0-0 Bf5 8. Ne5 Be6 9. e4 Qc8 10. Qe2 b5 11. d5 Bh3 12. Bxh3 Qxh3 13. dxc6 Qe6 14. Nxb5 Qxe5 15. Qxc4 Na6 16. Bf4 Qe6 17. Qa4 Qxc6 18. Nc7+ 1-0

[Event "Scarborough CC Falling Leaves U2000"]
[Site "Toronto"]
[Date "2010.11.11"]
[Round "3"]
[White "Manalo, Pepin"]
[Black "Morra, Lui"]
[Result "1/2-1/2"]
[WhiteElo "1840"]
[BlackElo "1601"]
[PlyCount "106"]
[EventDate "2010.10.28"]
[EventType "swiss"]
[EventRounds "7"]
[EventCountry "CAN"]
[SourceTitle "EXT 2022"]
[Source "ChessBase"]
[SourceDate "2021.10.06"]
[SourceVersion "1"]
[SourceVersionDate "2021.10.06"]
[SourceQuality "1"]

1. e4 c5 2. Nf3 e6 3. c4 Nc6 4. d4 cxd4 5. Nxd4 a6 6. Nc3 Qc7 7. Be3 Nf6 8. Be2 Be7 9. f4 d6 10. 0-0 Bd7 11. Nb3 0-0 12. Qe1 b6 13. Rc1 Qb7 14. Bf3 Rac8 15. Qg3 Qb8 16. Rfd1 b5 17. c5 Ne8 18. Rd2 Qa7 19. Qf2 Qc7 20. Rcd1 Rd8 21. cxd6 Nxd6 22. Bb6 Qb7 23. Bxd8 Rxd8 24. Nc5 Qc7 25. e5 Nc4 26. Rxd7 Rxd7 27. Nxd7 f6 28. exf6 Bd6 29. f7+ Kxf7 30. Ne5+ N6xe5 31. Rxd6 Qxd6 32. fxe5 Qxe5 33. Bh5+ Ke7 34. Qf7+ Kd6 35. Qf8+ Kc7 36. Qe7+ Kb6 37. Qd8+ Kc5 38. Qf8+ Kb6 39. Qf2+ Ka5 40. Bf3 Nxb2 41. Ne4 Nc4 42. g3 Qa1+ 43. Kg2 Qb2 44. Qxb2 Nxb2 45. Ng5 Kb4 46. Be4 Ka3 47. Bb1 b4 48. Nxe6 Nc4 49. Bd3 Ne5 50. Bxa6 Kxa2 51. Nc5 b3 52. Nd3 b2 53. Nxb2 Kxb2 1/2-1/2

[Event "Scarborough CC Falling Leaves U2000"]
[Site "Toronto"]
[Date "2010.10.28"]
[Round "1"]
[White "Manalo, Pepin"]
[Black "Song, Lin"]
[Result "1-0"]
[WhiteElo "1840"]
[BlackElo "1677"]
[PlyCount "117"]
[EventDate "2010.10.28"]
[EventType "swiss"]
[EventRounds "7"]
[EventCountry "CAN"]
[SourceTitle "EXT 2022"]
[Source "ChessBase"]
[SourceDate "2021.10.06"]
[SourceVersion "1"]
[SourceVersionDate "2021.10.06"]
[SourceQuality "1"]

1. d4 Nf6 2. Nc3 g6 3. e4 d6 4. Bc4 Bg7 5. f3 c6 6. Bb3 a6 7. Be3 0-0 8. Qd2 Nbd7 9. g4 b5 10. a3 Bb7 11. g5 Ne8 12. h4 e6 13. h5 d5 14. hxg6 fxg6 15. Qh2 Kf7 16. e5 Nc7 17. Nge2 Qe7 18. 0-0-0 Rh8 19. Qf4+ Ke8 20. Rh3 Nf8 21. Na2 a5 22. c3 Ba6 23. Qh2 Ra7 24. Bc2 Na8 25. Nf4 Kf7 26. Nd3 Nb6 27. Nc5 Nbd7 28. Nxa6 Rxa6 29. Bd2 Nb6 30. Bd3 Nc4 31. Bxc4 bxc4 32. Be3 Rb6 33. Rd2 Qb7 34. Kd1 Ke8 35. Rf2 Rg8 36. Bc1 Bh8 37. Qg3 Rg7 38. Qg4 Rf7 39. f4 Rf5 40. Rfh2 Qc7 41. Be3 Rb7 42. Nc1 Qb6 43. Ke1 Kd8 44. Rf2 Rg7 45. Qd1 Nd7 46. Qa4 Qb5 47. Qc2 c5 48. a4 Qc6 49. b3 cxd4 50. cxd4 Nb6 51. Nd3 Rc7 52. Nc5 cxb3 53. Qxb3 Nc4 54. Bc1 Ke7 55. Rxh7+ Rf7 56. Rxh8 Nb6 57. Ba3 Rc8 58. Rfh2 Rg7 59. R2h7 1-0

[Event "Toronto Howard Ridout Swiss U2000"]
[Site "Toronto"]
[Date "2010.09.09"]
[Round "1"]
[White "Manalo, Pepin"]
[Black "Moran Venegas, Mario"]
[Result "1/2-1/2"]
[WhiteElo "1872"]
[BlackElo "1731"]
[PlyCount "107"]
[EventDate "2010.09.09"]
[EventType "swiss"]
[EventRounds "6"]
[EventCountry "CAN"]
[SourceTitle "EXT 2022"]
[Source "ChessBase"]
[SourceDate "2021.10.06"]
[SourceVersion "1"]
[SourceVersionDate "2021.10.06"]
[SourceQuality "1"]

1. e4 e5 2. Nc3 Nf6 3. Be2 Nc6 4. d3 Bb4 5. a3 Ba5 6. b4 Bb6 7. Na4 0-0 8. Nxb6 axb6 9. c3 h6 10. Nf3 d6 11. 0-0 Ne7 12. Qc2 c5 13. Bb2 Ng6 14. d4 Qc7 15. dxe5 dxe5 16. Rfd1 Bd7 17. b5 Rad8 18. c4 Bc8 19. h4 Bg4 20. a4 Bxf3 21. Bxf3 Nxh4 22. Be2 Ng6 23. g3 Rd7 24. Rxd7 Qxd7 25. Kg2 Rd8 26. Rd1 Qc7 27. Rxd8+ Qxd8 28. Bf3 Qd6 29. Qe2 Nd7 30. Bg4 Ngf8 31. Bf5 Ne6 32. Bxe6 Qxe6 33. Qd3 f6 34. f3 Kf7 35. g4 Ke7 36. Bc3 Qd6 37. Qe2 Nf8 38. Kg3 Ne6 39. Kh4 Nd4 40. Qf1 Nb3 41. Qe2 Na5 42. Kg3 Qe6 43. Bxa5 bxa5 44. Qd3 b6 45. Kf2 Qd6 46. Qc2 Qd4+ 47. Kg3 Ke6 48. Kg2 g6 49. Kg3 h5 50. gxh5 gxh5 51. Kh4 Qe3 52. Qd1 Qf4+ 53. Kh3 Kf7 54. Qd7+ 1/2-1/2

[Event "Scarborough CC LH Summer op"]
[Site "Toronto"]
[Date "2010.06.10"]
[Round "6"]
[White "Manalo, Pepin"]
[Black "Bellissimo, Joseph F"]
[Result "1-0"]
[WhiteElo "1879"]
[BlackElo "1828"]
[PlyCount "105"]
[EventDate "2010.04.29"]
[EventType "swiss"]
[EventRounds "8"]
[EventCountry "CAN"]
[SourceTitle "EXT 2022"]
[Source "ChessBase"]
[SourceDate "2021.10.06"]
[SourceVersion "1"]
[SourceVersionDate "2021.10.06"]
[SourceQuality "1"]

1. e4 e5 2. Nf3 Nf6 3. d4 Nxe4 4. dxe5 d5 5. Bd3 f5 6. Be3 Be7 7. h4 Nd7 8. c4 c6 9. Qb3 Ndc5 10. Qc2 Nxd3+ 11. Qxd3 Qa5+ 12. Nbd2 Bb4 13. 0-0 0-0 14. Nb3 f4 15. Nxa5 fxe3 16. Nb3 exf2+ 17. Rxf2 Nxf2 18. Kxf2 Bf5 19. Qd4 Be7 20. cxd5 Kh8 21. d6 Bd8 22. Qc3 Bb6+ 23. Kg3 Bd7 24. Re1 Rae8 25. Nc5 Bxc5 26. Qxc5 b6 27. Qc2 c5 28. Ng5 Bf5 29. Qb3 h6 30. Nf3 Be6 31. Qa4 a5 32. a3 Rb8 33. h5 Rf5 34. Qh4 Rf7 35. b4 axb4 36. axb4 Rbf8 37. bxc5 bxc5 38. Rc1 Rc8 39. Nd4 cxd4 40. Rxc8+ Bxc8 41. Qd8+ Kh7 42. Qxc8 d3 43. d7 Rxd7 44. Qxd7 d2 45. Qd3+ Kg8 46. e6 d1Q 47. Qxd1 Kh7 48. e7 g5 49. e8R Kg7 50. Qd7+ Kf6 51. Qe6+ Kg7 52. Rg8+ Kh7 53. Qg6# 1-0